000 00431nam a2200169Ia 4500
003 GCL
008 140319s9999 xx 000 0 eng d
040 _aGCL /
_cGCL
082 0 4 _a843
_bO S
100 1 _aOLIVIER, ROUSSEAU FRANCOIS
245 1 0 _aSEBASTIEN DORE /
_cOLIVIER, ROUSSEAU FRANCOIS
260 _a[S.N] :
_bFOLIO ،
_c1989
300 _a534 P
650 0 4 _aLITERATURE
650 0 4 _aFRENCH LITERATURE
942 _2ddc
_cBK
999 _c21740
_d21740